[Event "Padova op-B 3rd"]
[Site "Padova"]
[Date "2000.12.03"]
[Round "3.27"]
[White "Spessato, Gianluca"]
[Black "Galiano, Salvatore"]
[Result "1-0"]
[WhiteElo "1642"]
[BlackElo "1416"]
[PlyCount "90"]
[EventDate "2000.12.02"]
[EventType "swiss"]
[EventRounds "6"]
[EventCountry "ITA"]
[SourceTitle "EXT 2024"]
[Source "ChessBase"]
[SourceDate "2023.10.10"]
[SourceVersion "1"]
[SourceVersionDate "2023.10.10"]
[SourceQuality "1"]

1. d4 d5 2. c4 Nf6 3. Nc3 h6 4. Nf3 Bf5 5. cxd5 Nxd5 6. Nxd5 Qxd5 7. e3 Nc6 8. a3 Rd8 9. b4 e5 10. Bb2 e4 11. Nd2 a6 12. Bc4 Qd6 13. 0-0 b5 14. Ba2 Qg6 15. f3 Bh3 16. Qe2 exf3 17. Qxf3 Be6 18. Qxc6+ Rd7 19. Bxe6 fxe6 20. d5 Bd6 21. dxe6 Qxe6 22. Qe4 Qxe4 23. Nxe4 Re7 24. Nxd6+ cxd6 25. Rac1 Kd7 26. Bd4 Rhe8 27. Rf2 Ke6 28. Rc6 Ra8 29. Bc5 Rd7 30. Rd2 Rad8 31. Rxa6 Ke5 32. Bd4+ Ke4 33. Rb6 Rc8 34. Rd1 Rc2 35. Rxb5 d5 36. Rb6 Re7 37. a4 Kf5 38. a5 Re4 39. Rf1+ Kg5 40. Bxg7 Rg4 41. Bxh6+ Kh4 42. g3+ Kh3 43. Re1 Rxh2 44. Bf4 Rg2+ 45. Kf1 Rg6 1-0